Requirements engineering : (Record no. 7977)

MARC details
000 -LEADER
fixed length control field 01111nac a22003015a 4500
008 - FIXED-LENGTH DATA ELEMENTS--GENERAL INFORMATION
fixed length control field 150817r20041998enka fr 001 0 eng d
010 ## - LIBRARY OF CONGRESS CONTROL NUMBER
LC control number 97011246
020 ## - INTERNATIONAL STANDARD BOOK NUMBER
International Standard Book Number 0471974447 (alk. pbk.)
020 ## - INTERNATIONAL STANDARD BOOK NUMBER
International Standard Book Number 9780471974444
040 ## - CATALOGING SOURCE
Original cataloging agency EG-ScBUE
Language of cataloging eng
Transcribing agency EG-ScBUE
082 04 - DEWEY DECIMAL CLASSIFICATION NUMBER
Classification number 005.1
Item number SOM
Edition number 22
100 1# - MAIN ENTRY--PERSONAL NAME
Personal name Sommerville, Ian,
245 10 - TITLE STATEMENT
Title Requirements engineering :
Remainder of title a good practice guide /
Statement of responsibility, etc Ian Sommerville and Pete Sawyer.
260 ## - PUBLICATION, DISTRIBUTION, ETC. (IMPRINT)
Place of publication, distribution, etc Chichester :
Name of publisher, distributor, etc John Wiley & Sons,
Date of publication, distribution, etc 2004.
300 ## - PHYSICAL DESCRIPTION
Extent xi, 391 p. :
Other physical details ill. ;
Dimensions 24 cm.
500 ## - GENERAL NOTE
General note Index : p. 389-391.
500 ## - GENERAL NOTE
General note distributer: Baccah.
590 ## - LOCAL NOTE (RLIN)
Local note catalogued by: Mostafa El-Helaly
650 #0 - SUBJECT ADDED ENTRY--TOPICAL TERM
Topical term or geographic name as entry element Computer software
General subdivision Development.
Source of heading or term BUEsh
650 #0 - SUBJECT ADDED ENTRY--TOPICAL TERM
Topical term or geographic name as entry element System analysis.
Source of heading or term BUEsh
650 #0 - SUBJECT ADDED ENTRY--TOPICAL TERM
Topical term or geographic name as entry element Systems engineering.
Source of heading or term BUEsh
651 ## - SUBJECT ADDED ENTRY--GEOGRAPHIC NAME
Source of heading or term BUEsh
653 ## - INDEX TERM--UNCONTROLLED
Resource For college Engineering, Architecture
Arrived date list August2015
700 1# - ADDED ENTRY--PERSONAL NAME
Personal name Sawyer, Pete
Fuller form of name (Pete H.),
Dates associated with a name 1958-
856 42 - ELECTRONIC LOCATION AND ACCESS
Materials specified Publisher description
Uniform Resource Identifier <a href="http://www.loc.gov/catdir/description/wiley032/97011246.html">http://www.loc.gov/catdir/description/wiley032/97011246.html</a>
856 42 - ELECTRONIC LOCATION AND ACCESS
Materials specified Table of contents
Uniform Resource Identifier <a href="http://www.loc.gov/catdir/toc/wiley022/97011246.html">http://www.loc.gov/catdir/toc/wiley022/97011246.html</a>
942 ## - ADDED ENTRY ELEMENTS (KOHA)
Item type NB - Book (Non borrowing)
Call number prefix 005.1SOM
Source of classification or shelving scheme Dewey Decimal Classification
Holdings
Withdrawn status Item status Source of classification or shelving scheme Damaged status Not for loan Home library Current library Shelving location Date acquired Source of acquisition Total Checkouts Full call number Barcode Date last seen Koha item type Total Renewals Date last borrowed Checked out
    Dewey Decimal Classification     Central Library Central Library Lower Floor 08/02/2014 Purchase   005.1 SOM 000009584 15/07/2025 NB - Book (Non borrowing)      
    Dewey Decimal Classification     Central Library Central Library Lower Floor 08/02/2014 Purchase 4 005.1 SOM 000009586 15/07/2025 Book - Borrowing 3 14/01/2010  
    Dewey Decimal Classification     Central Library Central Library Lower Floor 08/02/2014 Purchase 5 005.1 SOM 000009505 15/07/2025 Book - Borrowing 5 17/01/2012  
    Dewey Decimal Classification     Central Library Central Library Lower Floor 08/09/2008 Purchase 1 005.1 SOM 000013520 10/02/2010 Book - Borrowing 1 10/02/2010 25/02/2010